| 000 | 01326nam a22001937a 4500 | ||
|---|---|---|---|
| 999 |
_c59894 _d59894 |
||
| 003 | Ge_BSU | ||
| 005 | 20230505172332.0 | ||
| 008 | 230505s1979 ge ||||| |||| 00| 0 geo d | ||
| 041 | _ageo | ||
| 080 | _a902(479.22) ს-32 | ||
| 245 |
_aსაქართველოს არქეოლოგიის საკითხები : _b[სტატიების კრებული]. [კრ.] 2 / _cრედ. ო. ლორთქიფანიძე; ივ. ჯავახიშვილის სახ. ისტორიის, არქეოლოგიისა და ეთნოგრაფიის ინ-ტი, არქეოლ. კომისია. |
||
| 264 |
_aთბილისი, _c1979. |
||
| 300 |
_a 107 გვ. : _b ტაბ.; _c28 სმ. |
||
| 520 | _aსტატიების ბოლოს რეზ. რუს. | ||
| 653 | _aსაქართველოს არქეოლოგია | ||
| 700 |
_aლორთქიფანიზე, ო. _eრედაქტორი _918006 |
||
| 710 |
_aივ. ჯავახიშვილის სახ. ისტორიის, არქეოლოგიისა და ეთნოგრაფიის ინსტიტუტი. _b არქეოლოგიური კომისია. _918007 |
||
| 942 |
_2udc _cBK |
||